000 00753cam a22002413a 4500
001 12941
003 PGUSA
005 20140828083259.0
008 040719s2004||||xxu|||||s|||||000 1 eng d
040 _aPGUSA
_beng
042 _adc
050 4 _aPZ
100 1 _aFerguson, Donald
245 1 4 _aThe Scranton High Chums on the Cinder Path :
_bOr, The Mystery of the Haunted Quarry
_h[electronic resource] /
_cDonald Ferguson
260 _bProject Gutenberg,
_c2004
506 _aPublic domain in the USA.
516 _aElectronic text
653 _aHigh school students -- Juvenile fiction
653 _aTrack and field -- Juvenile fiction
830 0 _aProject Gutenberg
_v12941
856 4 0 _uhttp://www.gutenberg.org/ebooks/12941
942 _cEB
999 _c242196
_d242196